[Event "ASEAN GM 2nd"]
[Site "Bangkok"]
[Date "2004.07.28"]
[Round "10"]
[White "Dao, Thien Hai"]
[Black "Nay, Oo Kyaw Tun"]
[Result "1-0"]
[WhiteElo "2583"]
[BlackElo "2504"]
[Annotator "Huebner,R"]
[PlyCount "65"]
[EventDate "2004.07.22"]
[EventType "tourn"]
[EventRounds "10"]
[EventCountry "THA"]
[EventCategory "12"]
[SourceTitle "CBM 103"]
[Source "ChessBase"]
[SourceDate "2004.11.11"]
[SourceVersion "1"]
[SourceVersionDate "2004.11.11"]
[SourceQuality "1"]

1. d4 d5 2. c4 c6 3. Nf3 Nf6 4. Nc3 dxc4 5. a4 Bf5 6. Nh4 e6 7. Nxf5 exf5 8. e3
Bd6 9. Bxc4 O-O 10. h3 Nbd7 11. O-O Nb6 12. Bd3 (12. Bb3 a5 13. Qf3 g6 14. Bd2
Nbd5 15. g4 Nxc3 16. bxc3 Ne4 17. Be1 Qh4 18. Qg2 Ng5 19. f4 Nxh3+ 20. Kh2 Nf2+
21. Kg1 Nh3+ {1/2-1/2 Cvitan,O-Coppini,G/Verona 1995/EXT 2000 (21).}) 12... g6
13. a5 Nbd5 14. Qb3 a6 15. Bd2 (15. Qxb7 Nb4 16. Bc4 Rb8 17. Qa7 Qc8 {ist
nicht profitabel für Weiß.}) 15... Bc7 16. Na4 (16. Nxd5 Nxd5 17. Qxb7 Qd6 18.
Rfc1 Qh2+ 19. Kf1 Rfe8 {ist nicht ratsam für Weiß.}) 16... Qd6 17. f4 (17. g3 {
sieht posirtionell etwas gesünder aus.}) 17... Nd7 (17... Rab8 18. Nc5 Qe7 {
gefällt mir viel besser als die Partiefortsetzung.}) 18. Bc4 Rab8 19. Rac1 Rfc8
20. Rc2 Bd8 21. Rfc1 N7f6 22. Nc5 Qe7 23. Qd3 Bc7 24. Qb3 (24. Nxb7 Rxb7 25.
Bxa6 Bd6 26. Bxb7 Qxb7 27. a6 Qa8 {führt zu einer unklaren Stellung.}) 24...
Bd6 25. Nd3 Kg7 26. Ne5 Qe6 27. Be1 Re8 28. Bh4 Ne4 29. Bxd5 Qxd5 $2 (29...
cxd5 $15) 30. Qxd5 cxd5 31. Nd7 Rbd8 $2 (31... Ra8 32. Nb6 Rab8 33. Nxd5 h6 {
bietet bessere Möglichkeiten zum Widerstand.}) 32. Bxd8 Rxd8 33. Nc5 1-0

[Event "Reykjavik zt 1.3"]
[Site "Reykjavik"]
[Date "2000.09.11"]
[Round "3.1"]
[White "Stefansson, Hannes"]
[Black "Petursson, Margeir"]
[Result "1-0"]
[WhiteElo "2557"]
[BlackElo "2544"]
[Annotator "Huebner,R"]
[PlyCount "74"]
[EventDate "2000.09.05"]
[EventType "k.o."]
[EventRounds "3"]
[EventCountry "ISL"]
[SourceTitle "CBM 079"]
[Source "ChessBase"]
[SourceDate "2000.11.21"]
[SourceVersion "1"]
[SourceVersionDate "2000.11.21"]
[SourceQuality "1"]

1. d4 d5 2. c4 c6 3. Nf3 Nf6 4. Nc3 dxc4 5. a4 Bf5 6. Ne5 e6 7. f3 Bb4 8. e4
Bxe4 9. fxe4 Nxe4 10. Bd2 Qxd4 11. Nxe4 Qxe4+ 12. Qe2 Bxd2+ 13. Kxd2 Qd5+ 14.
Kc2 Na6 15. Nxc4 b5 16. axb5 Nb4+ 17. Kc3 cxb5 18. Rd1 bxc4 19. Rxd5 Nxd5+ 20.
Kc2 O-O 21. Qe4 (21. g3 {kommt in Betracht, um den Springer auf d5 möglichst
bald zu befragen. Nach} Rab8 (21... c3 22. Bg2 Nb4+ (22... cxb2 23. Bxd5 {
sieht hoffnungslos für Schwarz aus.}) 23. Kxc3 Rab8 24. Be4 {dürfte Schwarz
nicht überleben können.}) 22. Bg2 Nb4+ 23. Kc3 Nd3 24. Rb1 Rb3+ (24... Rfc8 {
wird mit} 25. b4 {beantwortet.}) 25. Kxc4 Rfb8 26. Qxd3 R8b4+ 27. Kc5 Rxd3 28.
Kxb4 Rd2 29. Bc6 Rxh2 30. b3 {Schwarz dürfte die Partie auf Grund der Schwäche
seines a-Bauern kaum halten können.}) 21... Rfc8 22. Be2 (22. h4 Rc5 23. Rh3
Rac8 24. Ra3 a5 25. Kc1 (25. Ra4 {Ftacnik} h5 26. Qd4 Nb6 27. Ra1 Nd5 $13)
25... h5 {Weiß kann seine Stellung nicht mehr verbessern.} 26. Qd4 {1/2-1/2
Topalov,V-Anand,V/Dos Hermanas 1997/CBM 59/[Huebner,R] (26)}) 22... Rab8 (22...
Rc5 23. Ra1 a5 {ist von der Partiefortsetzung nicht wesentlich verschieden.}) (
22... c3 23. b3 ({Auch nach} 23. Ba6 Rc7 24. bxc3 Rb8 25. Ra1 Rxc3+ 26. Kd1 {
hat Weiß Aussichten, seinen Materialvorteil zu konsolidieren.}) 23... Rab8 24.
Ra1 Nb4+ 25. Kc1 {scheint mir vielversprechend für Weiß auszusehen. Auch wenn
Schwarz auf den Vorstoß seines c-Bauern verzichtet, kommt er in
Schwierigkeiten.}) 23. Ra1 Rb4 24. Qe5 Rb5 ({Auf} 24... c3 {kann schon} 25.
bxc3 ({Nach} 25. b3 Rf4 {erhält Schwarz noch etwas Gegenspiel.}) 25... Nxc3 ({
Nach} 25... Rxc3+ {folgt} 26. Kd1 h6 27. Rc1 {, und Weiß muß auf die Dauer
gewinnen.}) 26. Bd3 g6 27. Kd2 Rb2+ 28. Ke1 Rxg2 29. Rc1 {geschehen; Weiß
gewinnt.}) 25. Kc1 a5 26. Ra3 Rbc5 27. Rh3 c3 28. Qe4 Nf6 29. Qa4 cxb2+ 30.
Kxb2 Re5 31. Ba6 Rd8 32. Qc2 g6 33. Ka3 Rd4 $2 ({Nach} 33... Red5 {muß Weiß
noch kräftig strampeln, um den Sieg zu erzwingen.}) 34. Qf2 $18 Ree4 35. Qxf6
Rf4 36. Qe5 Ra4+ 37. Kb2 Rae4 1-0

[Event "EU-Cup 16th"]
[Site "Neum"]
[Date "2000.09.26"]
[Round "3.1"]
[White "Bareev, Evgeny"]
[Black "Ribli, Zoltan"]
[Result "1-0"]
[WhiteElo "2702"]
[BlackElo "2569"]
[Annotator "Huebner,R"]
[PlyCount "105"]
[EventDate "2000.09.24"]
[EventType "team-swiss"]
[EventRounds "7"]
[EventCountry "BIH"]
[SourceTitle "CBM 080"]
[Source "ChessBase"]
[SourceDate "2001.01.25"]
[SourceVersion "1"]
[SourceVersionDate "2001.01.25"]
[SourceQuality "1"]
[WhiteTeam "Sarajevo Bosna"]
[BlackTeam "Bihac"]
[WhiteTeamCountry "BIH"]
[BlackTeamCountry "BIH"]

1. d4 d5 2. c4 c6 3. Nf3 Nf6 4. Nc3 dxc4 5. a4 Bf5 6. Ne5 e6 7. f3 Bb4 8. e4
Bxe4 9. fxe4 Nxe4 10. Bd2 Qxd4 11. Nxe4 Qxe4+ 12. Qe2 Bxd2+ 13. Kxd2 Qd5+ 14.
Kc2 Na6 15. Nxc4 O-O 16. Qe5 Rab8 17. a5 {Dies ist ein neuer Zug, der viel für
sich hat. Die Angriffsmöglichkeiten des Schwarzen am Damenflügel, die oft auf
dem Vorstoß b7-b5 beruhen, werden stark beschränkt. Außerdem kann der
Damenspringer des Schwarzen nicht mehr mit a7-a5 auf b4 verankert werden.} Rfd8
(17... Nb4+ 18. Kb3 c5 (18... b5 19. Qxd5 exd5 20. Ne5 $16) 19. Qxd5 exd5 20.
Nd6 {mit Vorteil für Weiß.}) 18. Be2 f6 ({Auf} 18... Nb4+ {folgt} 19. Kb3 b5
20. axb6 ({Nicht besser ist} 20. Qxd5 exd5 21. Ne5 c5 {mit unklarem Spiel.})
20... Qxe5 21. Nxe5 Rxb6 22. Kc4 {mit besserem Spiel für Weiß.}) 19. Qxd5 ({
Die Fortsetzung} 19. Qe3 Qf5+ 20. Kb3 (20. Kc1 Nb4 {ist nicht besser.}) 20...
b5 21. axb6 Nc5+ {ist unbequem für Weiß.}) 19... cxd5 20. Nd2 Rdc8+ 21. Kb1 {
In der Partie Topalov-Chalifman, Olympiade Istanbul 2000, geschah} (21. Kb3 {
Dies gefällt mir noch besser; der Damenspringer des Schwarzen kann nicht über
b4 ins Spiel gebracht werden, und Weiß kann nach geeigneter Vorbereitung
Kb3-a3 nebst b2-b4 spielen.}) 21... Kf7 22. Ra3 Nb4 23. Nb3 Nc2 24. Ra4 Ne3 25.
g3 e5 26. Re1 d4 27. Bd3 Rc7 28. Rc1 Rxc1+ {Es besteht keine Notwendigkeit
dazu, dem König des Weißen den Zugang zum Zentrum zu gewähren.} (28... Rbc8 29.
Rxc7+ Rxc7 {sieht natürlicher aus.}) 29. Kxc1 Rc8+ 30. Kd2 Rc7 31. Rb4 f5 32.
Rb5 Kf6 33. Nc5 e4 34. Be2 a6 $2 {Es kann nicht richtig sein, diesen Bauern
auf der Farbe des gegnerischen Königsläufers aufzustellen. Nach} (34... g5 35.
b4 Re7 36. Rxb7 Rxb7 37. Nxb7 f4 {ist der Ausgang der Partie noch nicht klar,
zum Beispiel} 38. b5 (38. Nd6 Ke5 39. Nc4+ Kd5 {sieht nicht
erfolgversprechender aus.}) 38... f3 39. b6 axb6 40. a6 Nd5 41. a7 Nc7 {usw.})
35. Rb6+ Ke5 36. b4 $18 Kd5 37. Rxb7 Rxb7 38. Nxb7 Nc4+ 39. Bxc4+ Kxc4 40. Nd6+
Kxb4 41. Nxf5 Kxa5 42. Nxd4 Kb4 43. Ke3 Kc4 44. Nf5 a5 45. Nd6+ Kb4 46. Nxe4 a4
47. Kd3 a3 48. Kc2 Kc4 49. Ng5 h6 50. Ne6 g5 51. g4 Kd5 52. Nd8 Ke4 53. Nf7 1-0

[Event "Nordic-ch VISA"]
[Site "Reykjavik"]
[Date "1997.10.16"]
[Round "8"]
[White "Hillarp Persson, Tiger"]
[Black "Hector, Jonny"]
[Result "0-1"]
[WhiteElo "2445"]
[BlackElo "2470"]
[Annotator "Huebner,R"]
[PlyCount "73"]
[EventDate "1997.10.08"]
[EventType "tourn"]
[EventRounds "13"]
[EventCountry "ISL"]
[EventCategory "10"]
[SourceTitle "CBM 062"]
[Source "ChessBase"]
[SourceDate "1998.01.31"]
[SourceVersion "1"]
[SourceVersionDate "1998.01.31"]
[SourceQuality "1"]

1. d4 {Tisdall} d5 2. c4 c6 3. Nf3 Nf6 4. Nc3 dxc4 5. a4 Bf5 6. Ne5 Nbd7 {
Tisdall: A sign of Hector's practicality - he sidesteps a theoretical debate
in the line} (6... e6 {Tisdall} 7. f3 Bb4 8. e4 Bxe4 {Tisdall: despite having
a great deal of faith in it. He goes back to a solid but reputedly slightly
passive line, and banks on playing more slowly.}) 7. Nxc4 Qc7 8. g3 e5 9. dxe5
Nxe5 10. Bf4 Nfd7 {Tisdall: Hector continues to travel back in time. This
variation was very popular in the 30's. He has some experience with the modern
interpretation of the line:} (10... Rd8 {Tisdall} 11. Qc1 Bd6 12. Nxd6+ Qxd6
13. Bg2 a5 14. O-O O-O 15. Qe3 Nfg4 16. Qb6 Qb4 17. Qxb4 axb4 {Tisdall: with
roughly equal chances, Nilsson,N-Hector, Copenhagen op 1991 (0-1, 52).}) 11.
Nxe5 (11. Qd4 $6 {Tisdall} f6 12. Rd1 Bc5 13. Nd6+ Kf8 $1 (13... Bxd6 14. Qxd6
Qxd6 15. Rxd6 O-O-O $14) 14. Qd2 Nd3+ 15. exd3 Bxd6 {is good for black.}) (11.
Bg2 {Tisdall: was the old main line, with black having several fairly solid
continuations:} f6 (11... Rd8 12. Qc1 f6 13. O-O Be6 14. Nxe5 Nxe5 15. a5 a6
16. Ne4 Bb4 $1 17. Nc5 Bd5 18. e4 (18. Bxd5 Rxd5 19. Bxe5 fxe5) 18... Bf7 19.
Ra4 Rd4 $1 {Tisdall: with a good position for black, Quinteros-Hort, Buenos
Aires 1980 (1/2-1/2 , 42)}) (11... Be6 $5) 12. O-O Be6 13. b3 Bb4 14. Qc2 O-O
15. Nxe5 fxe5 16. Be3 Nf6 17. Ne4 {Tisdall: led to a slight but annoying white
advantage in Vladimirov-Engqvist, Gausdal/1990 1-0 (45)}) 11... Nxe5 12. Qd4 {
Tisdall: This position is considered to be promising for white according to
latest practice, but...} Bd6 (12... f6 13. Bg2 Be7 14. O-O O-O 15. Rad1 Qa5 16.
Bc1 Bc5 17. Qf4 Bc2 18. Rde1 g5 19. Qd2 Bxa4 20. Nxa4 Qxa4 21. Rd1 Bb6 22. Qd6
Rae8 23. Bh3 Qc4 24. e3 g4 25. Bg2 Bc5 26. Qd2 Rd8 27. Qxd8 {Nikolov,S-Riha,J/
Decin op 1997/EXT 97/1-0 (43)}) (12... f6 {Tisdall Tisdall: was suggested by
Korchnoi, but Hector has a much tidier idea for improving black's play.}) 13.
Rd1 (13. Ne4 $6 {Tisdall} Bxe4 14. Qxe4 O-O $13) 13... Qe7 {Tisdall: A nice
novelty by Hector. He arranges his pieces much more harmoniously by inserting
the passing threat of mate on f3. Black got into very serious trouble after} (
13... O-O-O 14. Qxa7 Rhe8 15. Bg2 (15. Be3 Nc4 {is dangerous for white.}) 15...
Nd3+ 16. Rxd3 (16. Kf1 Nxf4 17. gxf4 Bxf4 {Tisdall: is wonderful for black.})
16... Bxd3 17. Bh3+ f5 18. Be3 ({Tisdall: Simplest though may be} 18. O-O {
Tisdall , with a clear advantage for white according to Korchnoi.}) 18... Bc2
19. O-O Qf7 20. Qa8+ Kc7 21. Qa5+ Kd7 (21... Kb8 22. Rc1 Bb3 23. Ba7+ Kc8 24.
Bb6) 22. Rc1 Re5 23. Qb6 Qb3 24. Rxc2 Qxc2 25. Qxb7+ Ke6 26. Qxg7 Qxb2 27. Bd4
Qc1+ 28. Kg2 {Malaniuk,V-Nenashev,A/Alushta4 1994/CBM 42/[Chekhov]/1-0 (40)})
14. Bg2 Bc7 15. O-O O-O {Tisdall: Now black has a rock solid position, and
Hector continues in solid and sensible fashion. According to Tiger, white
should insert b4 sometime soon, but I can understand that he thought it might
be a weakness, and it certainly is not a guarantee of a slight pull for white.}
16. Ne4 Rfe8 17. Qc5 Bg4 18. Rd2 f6 19. Qc3 (19. b4 $1 {Tisdall: was called
for now, when white may enjoy very slightly the better of it.}) 19... a5 20.
Nc5 (20. h3 Bf5 21. Rfd1 {war genauer. Nach dem Textzug wirken die Figuren des
Weißen nicht gut zusammen; Der Springer darf nach der Antwort des Schwarzen
wegen der Möglichkeit Ld6-b4 seinen Standort geraume Zeit nicht verlassen.})
20... Bd6 21. Rc1 (21. Nxb7 $4 {Tisdall} Bb4) 21... Kh8 22. h3 Bh5 23. Qc2 Bg6
{Tisdall: Hector continues to sit solidly, and tries to entice white to come
forward.} 24. Bxe5 (24. e4 {Tisdall} Rad8 {is very solid, and white may regret
the advance e4.}) 24... Bxe5 (24... Bxc2 {Tisdall} 25. Bxd6 {and white gets a
favorable bargain for the queen.}) 25. Qc4 Bd6 26. e3 Rad8 27. Rcd1 Bh5 {
Tisdall: More patient provocation of weaknesses from Hector.} (27... Bf7 28.
Qc3 Bxc5 29. Rxd8 Rxd8 30. Rxd8+ Qxd8 31. Qxc5 Qd1+ 32. Kh2 Qxa4 $17) 28. g4
Bg6 $2 {Tisdall: An odd lapse - there was no reason not to go to f7 and force
the continuation in the game. It is so strange that I wonder if the score of
the game is wrong.} (28... Bf7 $17) 29. Qc3 $4 {Tisdall: A sign of a tamed
tiger. He could instead pounce with} (29. Nxb7 $18) 29... Bf7 $2 30. Qc2 $4 (
30. Nxb7 Bb4 31. Nxd8 Bxc3 32. Rd7 $18) 30... Bxc5 31. Rxd8 Rxd8 32. Rxd8+ Qxd8
33. Qxc5 Qd1+ 34. Bf1 Qxa4 35. Qe7 Qb3 36. Kh2 (36. Qf8+ {Tisdall} Bg8 37. Qa8
{was tougher, but the ending should be lost without too much trouble.}) 36...
Bg8 37. Be2 0-1

[Event "RUS-chT 03rd"]
[Site "Kazan"]
[Date "1995.??.??"]
[Round "9"]
[White "Landa, Konstantin"]
[Black "Totsky, Leonid"]
[Result "1/2-1/2"]
[WhiteElo "2515"]
[BlackElo "2450"]
[Annotator "Huebner,R"]
[PlyCount "46"]
[EventDate "1995.??.??"]
[EventType "team-tourn"]
[EventRounds "9"]
[EventCountry "RUS"]
[SourceTitle "CBM 051"]
[Source "ChessBase"]
[SourceDate "1996.04.01"]
[SourceVersion "1"]
[SourceVersionDate "1996.04.01"]
[SourceQuality "1"]
[WhiteTeam "Surgut Fakel-Surgutgazprom"]
[BlackTeam "Ekaterinburg Agat"]
[WhiteTeamCountry "RUS"]
[BlackTeamCountry "RUS"]

1. Nf3 d5 2. d4 Nf6 3. c4 c6 4. Nc3 dxc4 5. a4 Bf5 6. Ne5 Na6 7. f3 {Die
Fortsetzung} (7. e3 Nb4 8. Bxc4 e6 9. O-O {ist eher geeignet, dem Weißen das
aussichtsreichere Spiel zu verschaffen.}) 7... Nd7 8. Nxd7 (8. Nxc4 e5 9. e4
exd4 10. Ne2 Bb4+ 11. Kf2 Bc5 12. exf5 d3+ 13. Kg3 dxe2 14. Qxe2+ {wird als
Hauptvariante in der ECO D (2.Auflage) 17/3 angegeben. Natürlich hat Schwarz
nach 14...De7 keinerlei Probleme. Auch der Textzug verspricht dem Weißen
keinen Vorteil.}) 8... Bxd7 9. e4 e5 10. Bxc4 exd4 11. Qxd4 Nb4 12. Qe5+ Be6 (
12... Qe7 13. Qxe7+ Bxe7 14. O-O {führt zu einer völlig ausgeglichenen
Stellung.}) 13. O-O Bd6 {Die Folge} (13... Nd3 14. Bxd3 Qxd3 15. Rd1 Qc4 16.
Be3 f6 17. Qc7 Qb4 18. a5 {sieht nicht vertrauenerweckend für Schwarz aus.}) (
13... Qd6 14. Qxd6 Bxd6 15. Bxe6 fxe6 16. Bg5 Bc5+ {ist dagegen gut spielbar
für Schwarz. Auch}) (13... Qf6 14. Qxf6 gxf6 {kommt in Betracht. Der Textzug
scheint mir unnötig riskant zu sein.}) 14. Qxg7 Qb6+ 15. Kh1 O-O-O 16. Bxe6+
fxe6 17. Qh6 Nd3 18. Qxe6+ (18. Be3 Qxb2 (18... Bc5 $2 19. a5 $16) 19. Qxe6+
Kb8 20. Qc4 Rhg8 {ist nicht profitabler für Weiß.}) 18... Kb8 19. Bg5 (19. Nd1
$5) 19... Qxb2 20. Bxd8 Rxd8 21. Qf6 (21. Qc4 $5) 21... Nf2+ 22. Kg1 Nh3+ 23.
Kh1 Nf2+ 1/2-1/2

[Event "RUS-Cup03 Geller Memorial"]
[Site "Moscow"]
[Date "1999.02.10"]
[Round "9"]
[White "Rychagov, Andrey"]
[Black "Skatchkov, Pavel"]
[Result "1-0"]
[WhiteElo "2487"]
[BlackElo "2420"]
[Annotator "Huebner,R"]
[PlyCount "69"]
[EventDate "1999.02.10"]
[EventType "swiss"]
[EventRounds "9"]
[EventCountry "RUS"]
[SourceTitle "CBM 070"]
[Source "ChessBase"]
[SourceDate "1999.06.08"]
[SourceVersion "1"]
[SourceVersionDate "1999.06.08"]
[SourceQuality "1"]

1. d4 d5 2. c4 c6 3. Nc3 Nf6 4. Nf3 dxc4 5. a4 Bf5 6. Ne5 Nbd7 7. Nxc4 Qc7 8.
g3 e5 9. dxe5 Nxe5 10. Bf4 Nfd7 11. Bg2 f6 12. O-O Nc5 13. e4 (13. Nxe5 fxe5
14. Be3 Rd8 15. Qe1 Be7 16. Rd1 {führt zu gleichem Spiel.}) (13. Ne3 {Ftacnik}
Bg6 $1 (13... Rd8 14. Ncd5 Qd7 15. Nxf5 Qxf5 16. Ne3 $14 (16. Nc7+ Ke7 17. Qe1
$40)) (13... Be6 14. b4 Rd8 15. Qb1 $16) 14. b4 Ne6 $13) (13. b4 {Ftacnik} Rd8
14. Qc1 Ne6 $11) 13... Bg6 (13... Be6 {Ftacnik} 14. Nxe5 (14. Bxe5 fxe5 15.
Qh5+ g6 16. Qxe5 Qxe5 17. Nxe5 Bg7 18. f4 Bxe5 19. fxe5 Nd7 $11) 14... fxe5 15.
Qh5+ Qf7 16. Qxf7+ Bxf7 17. Bxe5 Nd3 18. Bd4 $14) 14. Bxe5 fxe5 15. f4 Rd8 (
15... exf4 {Ftacnik} 16. gxf4 Be7 17. Qe2 (17. Ne5 Qb6 18. a5 (18. Kh1 Qxb2 19.
Nxg6 hxg6 $17) 18... Qxb2 $17) 17... Rd8 18. Rad1 Rxd1 19. Qxd1 $11) 16. Qg4
Nd3 17. Kh1 exf4 18. gxf4 Bc5 19. Qg3 {Dies ist ein neuer Versuch, aber auch
er verspricht dem Weißen keinen Vorteil. In der Vorgängerpartie folgte} (19. f5
Bf7 20. e5 {Weiß bekämpft die Idee des Schwarzen mit äußerster Schärfe, aber
der Springer auf d3 hindert ihn daran, die nötige Koordination seiner Figuren
herzustellen. Er bricht jetzt erstaunlich schnell zusammen.} Bxc4 21. f6 $6 (
21. Qxc4 Qxe5 22. Ne4 {leistete zäheren Widerstand.} (22. Ne4 {Ftacnik} Be7 $19
) (22. Qe6+ Qxe6 23. fxe6 Nf2+ 24. Kg1 Rd2 $19)) (21. e6 {Ftacnik} Ne5 22. Qh5+
Kf8 23. Rfd1 Bd4 $19) 21... Qxe5 22. Rf5 Qe6 23. fxg7 Rg8 24. Qh5+ Qg6 25. Qe2+
Be7 26. Rf8+ Rxf8 27. gxf8=Q+ Kxf8 28. Be4 Qf7 {0-1 Sakaev,K-Morozevich,A/
Kishinev 1998/CBM 64/[Huebner,R] (28)}) 19... O-O 20. Ne2 ({Auch die
Fortsetzung} 20. Rad1 Bf7 21. Rxd3 Bxc4 22. Rxd8 Rxd8 {führt zu keiner
angenehmen Stellung für Weiß, scheint mir aber der Textfortsetzung vorzuziehen.
}) ({Ganz schwach ist} 20. f5 Qxg3 21. hxg3 Bf7 {, und Schwarz gewinnt.}) (20.
e5 Rd4 {ist ebenfalls nicht spielbar für Weiß.}) 20... Bf7 $2 (20... Bh5 21.
Bf3 Bf7 22. Ne5 Nxe5 23. fxe5 Qe7 {sieht viel präziser aus; Weiß steht auf
Verlust.}) 21. b3 ({Die Fortsetzung} 21. Ne5 Nxe5 22. fxe5 Qe7 {sieht
hoffnungslos für Weiß aus.}) ({Die Stellung, die nach} 21. Ne3 Bh5 22. Bf3 Bxe3
23. Bxh5 Bxf4 24. Nxf4 Rxf4 25. Rf3 Qe5 {entsteht, gibt dem Weißen auch nicht
zu Optimismus Anlaß}) 21... b5 22. axb5 cxb5 23. Ne3 (23. Ne5 Nxe5 24. fxe5 Qe7
{führt zu einer schon besprochenen Art von Stellung; Weiß steht scheußlich.})
23... Qb6 (23... Bh5 24. Bf3 Bxe3 25. Bxh5 Bxf4 26. Nxf4 Rxf4 (26... Nxf4 27.
Bg4 {mit der Drohung 28.Lf5 ist weniger wirksam.}) 27. Rf3 Qe5 28. Rxa7 Qd4 {
war wohl stärker.}) 24. Rf3 (24. Nd5 Bxd5 (24... Nf2+ 25. Qxf2 Bxf2 26. Nxb6
Bxb6 {ist ebenfalls stark.}) 25. Qxd3 Bc4 26. Qc2 Bd3 {ist auch sehr unbequem
für Weiß.}) 24... Bh5 25. Nf5 Qf6 ({Der Versuch} 25... Nf2+ 26. Rxf2 Rxf5 27.
Rff1 Bxe2 28. exf5 Bxf1 29. Rxf1 {gibt dem Schwarzen nur einen sehr
geringfügigen Vorteil.}) 26. Ra6 Qb2 27. Ra2 Qb1+ $6 {Mit diesem Zug vergibt
Schwarz seinen Vorteil. Nach} (27... Nf2+ 28. Rxf2 (28. Qxf2 Bxf2 29. Rxb2 Rd1+
$19) 28... Bxf2 29. Rxb2 Rd1+ 30. Bf1 Rxf1+ 31. Kg2 Bxg3 32. Nexg3 Rxf4 33.
Nxh5 Rxe4 {hat er noch stets ein vorteilhaftes Endspiel, obwohl Weiß sich
halten können sollte.}) 28. Rf1 Nf2+ 29. Qxf2 Qxa2 30. Qxc5 Bxe2 $2 ({Nötig war
} 30... Rxf5 31. Qxf5 (31. exf5 Qxe2 $11) 31... Qxe2 {mit etwa gleichem Spiel.
Nach dem Textzug ist Schwarz verloren.}) 31. Qe7 Rxf5 (31... Qb2 32. e5 Rxf5
33. Qxd8+ Kf7 34. Rg1 {führt zu baldigem Matt.}) 32. exf5 Qd2 33. f6 gxf6 34.
Rg1 Bg4 35. Bf3 1-0

[Event "Nikolaev zt"]
[Site "Nikolaev"]
[Date "1995.??.??"]
[Round "7"]
[White "Itkis, Boris"]
[Black "Milov, Leonid"]
[Result "1-0"]
[WhiteElo "2410"]
[BlackElo "2525"]
[Annotator "Huebner,R"]
[PlyCount "57"]
[EventDate "1995.03.??"]
[EventType "swiss"]
[EventRounds "11"]
[EventCountry "UKR"]
[SourceTitle "CBM 047"]
[Source "ChessBase"]
[SourceDate "1995.08.01"]
[SourceVersion "1"]
[SourceVersionDate "1995.08.01"]
[SourceQuality "1"]

1. d4 d5 2. c4 c6 3. Nf3 Nf6 4. Nc3 dxc4 5. a4 Bf5 6. Nh4 Bd7 7. e4 e6 8. Nf3
Bb4 9. Bxc4 {Dies wurde, so weit ich weiß, an dieser Stelle noch nie gespielt.
Das Bauernopfer macht keinen gesunden Eindruck.} Nxe4 10. Qb3 Qb6 11. Qc2 Nf6
12. O-O a5 13. Bg5 Na6 14. Ne5 Be7 15. Rfe1 Nb4 16. Qb3 Rd8 17. Rad1 Nbd5 18.
Qc2 Bc8 19. Qe2 h6 $6 (19... O-O $142 {Weiß hat meines Erachtens keine
genügende Kompensation für den geopferten Bauern. Der Textzug schwächt den
Königsflügel unnötig.}) 20. Bc1 Bb4 21. Qf3 Qc7 22. Qg3 Rg8 {Jetzt hat Weiß
einiges Spiel für den Bauern.} 23. Rd3 Ne7 24. Qf3 Ned5 25. Qg3 Be7 26. Rdd1
Nb4 27. Bb3 Nbd5 28. Bc2 Qb6 $4 (28... Bd6 $13) 29. Bg6 {Auf 29...Tf8 folgt 30.
Lf7:+ Tf7: 31.Dg6.} 1-0